[Event "30th Rilton Cup"]
[Site "Stockholm SWE"]
[Date "2000.12.27"]
[Round "1.1"]
[White "Heine-Nielsen, Peter"]
[Black "Lundvik, Jonas"]
[Result "1-0"]
[WhiteElo "2580"]
[BlackElo "2210"]
[EventDate "2000.12.27"]
[PlyCount "69"]

1.d4 d5 2.c4 dxc4 3.e3 e5 4.Bxc4 Bb4+ 5.Nc3 exd4 6.exd4 Qe7+ 7.Be3 Nf6 8.
Nf3 Be6 9.Bd3 Nd5 10.Qc2 h6 11.O-O O-O 12.Rfe1 c6 13.Bd2 Bd6 14.Qc1 Nxc3 
15.bxc3 Qf6 16.Qb1 b6 17.Bh7+ Kh8 18.Be4 Rc8 19.Ne5 Bxe5 20.dxe5 Qe7 21.
Qb4 Qxb4 22.cxb4 Rd8 23.Bc3 Nd7 24.f4 Rac8 25.f5 Bd5 26.Bc2 Nf8 27.Re3 c5 
28.b5 a6 29.a4 axb5 30.axb5 Ra8 31.e6 fxe6 32.Rg3 Rxa1+ 33.Bxa1 exf5 34.
Bxg7+ Kg8 35.Bf6+ 1-0

[Event "30th Rilton Cup"]
[Site "Stockholm SWE"]
[Date "2000.12.27"]
[Round "1.2"]
[White "Skjoldborg, Jesper"]
[Black "Ivanov, Sergei"]
[Result "0-1"]
[WhiteElo "2207"]
[BlackElo "2570"]
[EventDate "2000.12.27"]
[PlyCount "62"]

1.e4 e6 2.d4 d5 3.Nd2 c5 4.exd5 Qxd5 5.Ngf3 cxd4 6.Bc4 Qd6 7.O-O Nf6 8.Nb3
Nc6 9.Nbxd4 Nxd4 10.Qxd4 Bd7 11.Bf4 Qxd4 12.Nxd4 Rc8 13.Bb5 Bxb5 14.Nxb5 
Nd5 15.Bg3 Rxc2 16.Nxa7 Be7 17.Rfc1 Rxc1+ 18.Rxc1 Kd7 19.Nb5 Ra8 20.a3 Bf6
21.Rc2 Ra6 22.b4 e5 23.Rc5 Ke6 24.f4 exf4 25.Bxf4 Rxa3 26.Nc7+ Nxc7 27.
Rxc7 b6 28.Kf1 Bd4 29.Rc6+ Kd5 30.Rd6+ Ke4 31.g3 Ra2 0-1

[Event "30th Rilton Cup"]
[Site "Stockholm SWE"]
[Date "2000.12.27"]
[Round "1.3"]
[White "Gleizerov, Evgeny"]
[Black "Johansson, Gunnar"]
[Result "1-0"]
[WhiteElo "2569"]
[BlackElo "2201"]
[EventDate "2000.12.27"]
[PlyCount "47"]

1.d4 d5 2.c4 e6 3.Nf3 c6 4.g3 Nf6 5.Bg2 dxc4 6.Ne5 c5 7.Be3 Nd5 8.O-O Be7 
9.dxc5 O-O 10.Bd4 Qc7 11.Na3 Bxc5 12.Naxc4 f6 13.Nf3 b5 14.Bxc5 Qxc5 15.
Na5 Qb6 16.Qd2 b4 17.Nc4 Qa6 18.e4 Nb6 19.Nd6 Rd8 20.Rfc1 Qa4 21.e5 Nc6 
22.Nd4 fxe5 23.Nxc6 Rd7 24.Nxe5 1-0

[Event "30th Rilton Cup"]
[Site "Stockholm SWE"]
[Date "2000.12.27"]
[Round "1.4"]
[White "Livner, Anders"]
[Black "Ulybin, Mikhail"]
[Result "0-1"]
[WhiteElo "2196"]
[BlackElo "2568"]
[EventDate "2000.12.27"]
[PlyCount "56"]

1.d4 d5 2.c4 c6 3.Nc3 Nf6 4.e3 a6 5.Nf3 b5 6.b3 Bg4 7.Be2 e6 8.O-O Nbd7 9.
Ne5 Bxe2 10.Nxe2 Bd6 11.Bb2 bxc4 12.bxc4 Qb8 13.Qc2 Nxe5 14.dxe5 Bxe5 15.
Bxe5 Qxe5 16.cxd5 cxd5 17.Qc6+ Ke7 18.Rab1 Rhc8 19.Rb7+ Kf8 20.Qb6 Ne4 21.
Nd4 Qd6 22.Qa5 g6 23.g3 Rab8 24.Rfb1 Rxb7 25.Rxb7 e5 26.Nb3 Qf6 27.Qa3+ 
Kg8 28.Qb2 Qf3 0-1

[Event "30th Rilton Cup"]
[Site "Stockholm SWE"]
[Date "2000.12.27"]
[Round "1.5"]
[White "Gdanski, Jacek"]
[Black "Nybaeck, Tomi"]
[Result "1/2-1/2"]
[WhiteElo "2557"]
[BlackElo "2195"]
[EventDate "2000.12.27"]
[PlyCount "78"]

1.e4 c5 2.Nf3 Nc6 3.Bb5 e6 4.Bxc6 bxc6 5.d3 d5 6.O-O Nf6 7.e5 Nd7 8.Re1 
Be7 9.c4 O-O 10.Nc3 Rb8 11.Qe2 a5 12.Bf4 Nb6 13.b3 a4 14.Bg3 Qc7 15.h4 Qa7
16.Qc2 Bd7 17.Ne2 Ra8 18.Rab1 axb3 19.axb3 Qa2 20.Rb2 Qa5 21.Nf4 Qb4 22.
Nh5 Rfb8 23.Rbb1 Be8 24.Qc1 Nd7 25.Qf4 Bf8 26.Qg4 Kh8 27.Bf4 Qc3 28.Rbd1 
Rxb3 29.Bg5 Ra2 30.Be7 f5 31.exf6 Bxh5 32.Qxh5 Nxf6 33.Bxf6 Qxf6 34.Qe8 
dxc4 35.Rxe6 Qf5 36.Re5 Qf6 37.Re6 Qf5 38.Re3 Qf6 39.Re6 Qf5 1/2-1/2

[Event "30th Rilton Cup"]
[Site "Stockholm SWE"]
[Date "2000.12.27"]
[Round "1.6"]
[White "Sisaetto, Olli"]
[Black "Yakovich, Yury"]
[Result "0-1"]
[WhiteElo "2185"]
[BlackElo "2547"]
[EventDate "2000.12.27"]
[PlyCount "46"]

1.d4 Nf6 2.Nf3 e6 3.c4 c5 4.d5 d6 5.Nc3 exd5 6.cxd5 g6 7.h3 a6 8.a4 Qe7 9.
Bf4 Nbd7 10.Ra3 Bg7 11.e4 O-O 12.Bd3 Nh5 13.Bg5 f6 14.Be3 f5 15.exf5 Nf4 
16.Bf1 Rxf5 17.g3 Bxc3+ 18.Rxc3 Nxd5 19.Bc4 Nb6 20.g4 Nxc4 21.gxf5 Nxc3 
22.Qb3 Qe4 23.bxc3 d5 0-1

[Event "30th Rilton Cup"]
[Site "Stockholm SWE"]
[Date "2000.12.27"]
[Round "1.8"]
[White "Ask, Josef"]
[Black "Gyimesi, Zoltan"]
[Result "0-1"]
[WhiteElo "2177"]
[BlackElo "2539"]
[EventDate "2000.12.27"]
[PlyCount "80"]

1.Nf3 d5 2.c4 d4 3.g3 c5 4.Bg2 Nc6 5.d3 g6 6.O-O Bg7 7.Nbd2 Nf6 8.a3 a5 9.
b4 axb4 10.Nb3 Nd7 11.Bb2 O-O 12.axb4 Rxa1 13.Qxa1 Nxb4 14.Nfd2 Qc7 15.Qa7
f5 16.Ba3 Nc6 17.Qa4 Ncb8 18.e3 dxe3 19.fxe3 b6 20.d4 e6 21.Rb1 Bh6 22.Re1
Rd8 23.Nf3 Bb7 24.Nbd2 Nf6 25.Bb2 Nbd7 26.Qa1 Ra8 27.Qc1 Ng4 28.Qc2 Bg7 
29.Qb3 Ngf6 30.Ra1 Rxa1+ 31.Bxa1 Ne4 32.Nxe4 Bxe4 33.Qa2 Qb7 34.Ng5 Bxg2 
35.Qxg2 Qa6 36.Qf1 Nf8 37.Bc3 Qa3 38.Qa1 Qb3 39.Nf3 Qxc4 40.Ne5 Qe2 0-1

[Event "30th Rilton Cup"]
[Site "Stockholm SWE"]
[Date "2000.12.27"]
[Round "1.13"]
[White "Hector, Jonny"]
[Black "Lindberg, Bosse"]
[Result "1/2-1/2"]
[WhiteElo "2499"]
[BlackElo "2159"]
[EventDate "2000.12.27"]
[PlyCount "92"]

1.Nc3 d5 2.e4 c6 3.d4 g6 4.e5 Bg7 5.f4 h5 6.Nf3 Nh6 7.Be3 Bg4 8.Bf2 Nf5 9.
Be2 e6 10.Nd2 Bxe2 11.Qxe2 Nd7 12.g3 b5 13.h3 Nb6 14.Nf3 Qe7 15.Nd1 Kd7 
16.Rg1 Qe8 17.g4 hxg4 18.hxg4 Nh6 19.Bh4 Qc8 20.Nf2 a6 21.Nd3 Kc7 22.Bf6 
Qf8 23.Nc5 Nd7 24.Nxd7 Kxd7 25.O-O-O Ng8 26.Bxg7 Qxg7 27.f5 gxf5 28.gxf5 
Qh6+ 29.Ng5 Ne7 30.f6 Nf5 31.Qd2 Raf8 32.Rg2 Qh4 33.a3 Rhg8 34.Kb1 Rg6 35.
Nxf7 Rxg2 36.Qxg2 Qh5 37.Rh1 Qxf7 38.Rh3 Nxd4 39.Qh2 Qg6 40.Rh6 Qf5 41.
Rh7+ Kc8 42.Ra7 Kb8 43.Re7 Qf1+ 44.Ka2 Ne2 45.Qh7 Nc1+ 46.Kb1 Nb3+ 1/2-1/2

[Event "30th Rilton Cup"]
[Site "Stockholm SWE"]
[Date "2000.12.27"]
[Round "1.14"]
[White "Bergqvist, Mats"]
[Black "Brynell, Stellan"]
[Result "0-1"]
[WhiteElo "2159"]
[BlackElo "2473"]
[EventDate "2000.12.27"]
[PlyCount "90"]

1.d4 Nf6 2.Nf3 e6 3.Bg5 h6 4.Bh4 c5 5.Nc3 d5 6.e3 Nc6 7.h3 Be7 8.Bd3 Qb6 
9.O-O c4 10.Be2 Qxb2 11.Na4 Qa3 12.c3 b5 13.Nc5 Bxc5 14.dxc5 Ne4 15.Nd4 
Nxc3 16.Qe1 Nxe2+ 17.Qxe2 Qxc5 18.Qg4 Kf8 19.Nxc6 Qxc6 20.f4 Bd7 21.Be1 
Qc5 22.Bf2 Qe7 23.Qf3 Bc6 24.f5 e5 25.Be1 Qf6 26.Qh5 Qg5 27.Qe2 d4 28.exd4
exd4 29.Bd2 Qf6 30.Bb4+ Kg8 31.Be7 d3 32.Qe3 Qb2 33.Qg3 Kh7 34.Rae1 Qd4+ 
35.Kh2 d2 36.Re6 d1=Q 37.Rxd1 Qxd1 38.Rxc6 Rhe8 39.f6 g6 40.Rd6 Qe2 41.Rd5
Rxe7 42.fxe7 Qxe7 43.Rxb5 Rc8 44.Qf3 c3 45.Rb7 Rc7 0-1

[Event "30th Rilton Cup"]
[Site "Stockholm SWE"]
[Date "2000.12.27"]
[Round "1.15"]
[White "Holzke, Frank"]
[Black "Nakapunda, Otto"]
[Result "1-0"]
[WhiteElo "2470"]
[BlackElo "2157"]
[EventDate "2000.12.27"]
[PlyCount "45"]

1.e4 c6 2.d4 d5 3.exd5 cxd5 4.c4 Nf6 5.Nc3 e6 6.a3 Be7 7.Nf3 O-O 8.Bd3 
dxc4 9.Bxc4 Nbd7 10.O-O Nb6 11.Bb3 Nbd5 12.Bg5 b6 13.Nxd5 exd5 14.Ne5 Bb7 
15.Re1 Rc8 16.Qd3 Qd6 17.Bc2 Ba6 18.Qxa6 Rxc2 19.Qxa7 Rxb2 20.Nd3 Rb3 21.
Bf4 Rxa3 22.Bxd6 Rxa7 23.Bxe7 1-0

[Event "30th Rilton Cup"]
[Site "Stockholm SWE"]
[Date "2000.12.27"]
[Round "1.22"]
[White "Sjoedin, Bengt"]
[Black "Berg, Emanuel"]
[Result "0-1"]
[WhiteElo "2128"]
[BlackElo "2452"]
[EventDate "2000.12.27"]
[PlyCount "56"]

1.d4 f5 2.Nc3 d5 3.Bf4 e6 4.e3 Nf6 5.Bd3 Nc6 6.a3 Bd6 7.Nf3 O-O 8.O-O Bd7 
9.Ne2 Qe7 10.c4 Kh8 11.c5 Bxf4 12.exf4 a6 13.b4 Be8 14.Ne1 Bh5 15.f3 Rg8 
16.Qd2 Nd7 17.Bc2 g5 18.Nd3 g4 19.Ne1 gxf3 20.Nxf3 Qg7 21.g3 Nf6 22.Ba4 
Ne4 23.Qe3 Bxf3 24.Rxf3 Nd8 25.Kh1 Nf7 26.Rg1 Nh6 27.h3 Ng4 28.hxg4 Qh6+ 
0-1

[Event "30th Rilton Cup"]
[Site "Stockholm SWE"]
[Date "2000.12.27"]
[Round "1.24"]
[White "Asadpour, Mehdi"]
[Black "Taimanov, Mark"]
[Result "0-1"]
[WhiteElo "2126"]
[BlackElo "2431"]
[EventDate "2000.12.27"]
[PlyCount "81"]

1.d4 Nf6 2.c4 e6 3.Nf3 Bb4+ 4.Nbd2 d6 5.a3 Bxd2+ 6.Bxd2 Qe7 7.Bg5 e5 8.e3 
Bg4 9.Be2 Nbd7 10.h3 Bh5 11.g4 Bg6 12.Nh4 h6 13.Nxg6 fxg6 14.Bxf6 Qxf6 15.
dxe5 Nxe5 16.Qd4 O-O 17.Rh2 Qh4 18.Qd5+ Kh7 19.Qg2 a6 20.O-O-O b5 21.Rd4 
bxc4 22.f4 Nd7 23.Rxc4 Rfe8 24.Qf2 Qd8 25.h4 Nc5 26.Qf3 Qe7 27.Rh3 Ne4 28.
Bd3 d5 29.Rc2 Qd6 30.Bxe4 Rxe4 31.Kb1 Rb8 32.Ka2 Qb6 33.Qf2 Ra4 34.Rc3 
Rxf4 35.Qc2 Rc4 36.h5 Rxc3 37.Qxc3 Qe6 38.Kb1 Qxg4 39.hxg6+ Qxg6+ 40.e4 
dxe4 41.Qxc7 0-1

[Event "30th Rilton Cup"]
[Site "Stockholm SWE"]
[Date "2000.12.27"]
[Round "1.25"]
[White "Ornstein, Axel"]
[Black "Backman, Michael"]
[Result "1-0"]
[WhiteElo "2426"]
[BlackElo "2125"]
[EventDate "2000.12.27"]
[PlyCount "105"]

1.c4 c5 2.Nf3 g6 3.e4 Nc6 4.d4 cxd4 5.Nxd4 Bg7 6.Be3 Nf6 7.Nc3 Ng4 8.Qxg4 
Nxd4 9.Qd1 Ne6 10.Rc1 b6 11.Bd3 O-O 12.O-O Bb7 13.b4 d6 14.Nd5 Nd4 15.Bg5 
Re8 16.f4 f6 17.Bh4 e6 18.Ne3 Qd7 19.Ng4 Rf8 20.f5 exf5 21.exf5 g5 22.Be1 
Rae8 23.Bc3 Nc6 24.Be4 Rxe4 25.Qd5+ Kh8 26.Qxe4 h5 27.Ne3 Re8 28.Qd3 Ne5 
29.Qd4 b5 30.Rcd1 Nxc4 31.Nxc4 Qc6 32.Rd2 Re4 33.Na5 Rxd4 34.Nxc6 Rxd2 35.
Bxd2 Bxc6 36.Be3 a6 37.Rd1 d5 38.Rc1 Bd7 39.Rc5 Bxf5 40.Rxd5 Be6 41.Rd6 
Bxa2 42.Rxa6 Bc4 43.Bd4 h4 44.Bxf6 Bxf6 45.Rxf6 Kg7 46.Rb6 g4 47.Kf2 h3 
48.g3 Kf7 49.Ke3 Ke7 50.Rg6 Be6 51.Kf4 Kd6 52.Ke4 Ke7 53.Ke5 1-0

[Event "30th Rilton Cup"]
[Site "Stockholm SWE"]
[Date "2000.12.27"]
[Round "1.27"]
[White "Bellon Lopez, Juan Manuel"]
[Black "Rantanen, Tanja"]
[Result "1-0"]
[WhiteElo "2421"]
[BlackElo "2117"]
[EventDate "2000.12.27"]
[PlyCount "61"]

1.d4 d5 2.c4 c6 3.e3 Nf6 4.Nf3 e6 5.Nbd2 Bd6 6.b3 O-O 7.Bb2 c5 8.Bd3 Nc6 
9.O-O cxd4 10.exd4 dxc4 11.bxc4 b6 12.Qe2 Nb4 13.Bb1 Bb7 14.a3 Na6 15.Bd3 
Nc7 16.Ne5 a6 17.f4 b5 18.c5 Be7 19.Rae1 Rc8 20.f5 Bd5 21.Rf4 exf5 22.Bxf5
Ne6 23.Rh4 g6 24.Nxf7 Rxf7 25.Bxe6 Bxe6 26.Qxe6 Nh5 27.Rf1 Bf6 28.Ne4 
Bxd4+ 29.Bxd4 Qxd4+ 30.Kh1 Qd7 31.Qxf7+ 1-0

[Event "30th Rilton Cup"]
[Site "Stockholm SWE"]
[Date "2000.12.27"]
[Round "1.28"]
[White "Korhonen, Pasi"]
[Black "Ernst, Thomas"]
[Result "0-1"]
[WhiteElo "2117"]
[BlackElo "2419"]
[EventDate "2000.12.27"]
[PlyCount "36"]

1.f4 c5 2.b3 Nf6 3.Bb2 g6 4.Nf3 Bg7 5.e3 O-O 6.Be2 d6 7.O-O Nc6 8.c4 e5 9.
fxe5 Ng4 10.h3 Ngxe5 11.Nc3 Bf5 12.Nxe5 Bxe5 13.d3 Bxh3 14.Bg4 Bxg4 15.
Qxg4 f5 16.Qh3 Qg5 17.Na4 Rae8 18.Rae1 Bg3 0-1

[Event "30th Rilton Cup"]
[Site "Stockholm SWE"]
[Date "2000.12.27"]
[Round "1.33"]
[White "Loenngren, Tobias"]
[Black "Hermansson, Emil"]
[Result "1/2-1/2"]
[WhiteElo "2062"]
[BlackElo "2379"]
[EventDate "2000.12.27"]
[PlyCount "60"]

1.Nf3 Nf6 2.c4 g6 3.g3 Bg7 4.Bg2 O-O 5.O-O c5 6.d4 d6 7.dxc5 dxc5 8.Nc3 
Nc6 9.Be3 Be6 10.Qa4 Nd4 11.Bxd4 cxd4 12.Nb5 Nd7 13.Nfxd4 Nb6 14.Nxe6 Nxa4
15.Nxd8 Rfxd8 16.Bxb7 Rab8 17.Bf3 a6 18.Na7 Rxb2 19.Nc6 Re8 20.Rab1 Rd2 
21.Rfd1 Rxa2 22.Nxe7+ Rxe7 23.Rd8+ Bf8 24.Rbb8 Kg7 25.Rxf8 Nc3 26.e3 Ne4 
27.Bxe4 Rxe4 28.Rfc8 Rc2 29.Rb6 a5 30.Ra8 Rexc4 1/2-1/2

[Event "30th Rilton Cup"]
[Site "Stockholm SWE"]
[Date "2000.12.28"]
[Round "2.2"]
[White "Ivanov, Sergei"]
[Black "Sjoeberg, Mats"]
[Result "1-0"]
[WhiteElo "2570"]
[BlackElo "2351"]
[EventDate "2000.12.27"]
[PlyCount "57"]

1.d4 Nf6 2.c4 e6 3.Nf3 Bb4+ 4.Nbd2 b6 5.a3 Bxd2+ 6.Qxd2 d6 7.e3 Bb7 8.Be2 
Nbd7 9.O-O O-O 10.b4 Qe7 11.Bb2 Ne4 12.Qc2 f5 13.Rfd1 Ndf6 14.h3 c5 15.
bxc5 bxc5 16.Rab1 Rad8 17.d5 e5 18.Nh2 Bc8 19.Nf1 f4 20.exf4 exf4 21.Bd3 
Rde8 22.Re1 Qf7 23.Rbc1 f3 24.Rxe4 fxg2 25.Ng3 Nxe4 26.Bxe4 Rxe4 27.Nxe4 
Qf4 28.Qc3 Rf7 29.Re1 1-0

[Event "30th Rilton Cup"]
[Site "Stockholm SWE"]
[Date "2000.12.28"]
[Round "2.3"]
[White "Couso, Luis"]
[Black "Gleizerov, Evgeny"]
[Result "0-1"]
[WhiteElo "2348"]
[BlackElo "2569"]
[EventDate "2000.12.27"]
[PlyCount "66"]

1.e4 e6 2.d4 d5 3.Nc3 Nf6 4.e5 Nfd7 5.f4 c5 6.Nf3 a6 7.Be3 Qb6 8.Na4 Qa5+ 
9.c3 cxd4 10.b4 Qc7 11.Qxd4 Nc6 12.Qd2 b5 13.Nb2 f6 14.Nd4 Nxd4 15.Bxd4 
fxe5 16.fxe5 Nxe5 17.Be2 Bd6 18.O-O Ng6 19.g3 e5 20.Be3 Bb7 21.a4 Qc6 22.
Rac1 Rf8 23.Rxf8+ Kxf8 24.Bd3 e4 25.Be2 Kg8 26.Bd4 bxa4 27.Rf1 Rf8 28.
Rxf8+ Nxf8 29.Bg4 h6 30.Nd1 Be7 31.Ne3 Bg5 32.h3 Bxe3+ 33.Bxe3 Qg6 0-1

[Event "30th Rilton Cup"]
[Site "Stockholm SWE"]
[Date "2000.12.28"]
[Round "2.5"]
[White "Yakovich, Yury"]
[Black "Skytte, Rasmus"]
[Result "1-0"]
[WhiteElo "2547"]
[BlackElo "2342"]
[EventDate "2000.12.27"]
[PlyCount "41"]

1.d4 d5 2.Nf3 Nf6 3.c4 dxc4 4.e3 e6 5.Bxc4 c5 6.Qe2 cxd4 7.exd4 Be7 8.O-O 
O-O 9.Rd1 Nc6 10.a3 Nd5 11.Nc3 Nxc3 12.bxc3 Bd7 13.Bd3 Re8 14.h4 Qa5 15.
Rb1 Nd8 16.Ne5 Ba4 17.Re1 Qxc3 18.Bb2 Qa5 19.d5 Bf6 20.Qe4 g6 21.Nc4 1-0

[Event "30th Rilton Cup"]
[Site "Stockholm SWE"]
[Date "2000.12.28"]
[Round "2.6"]
[White "Hedman, Erik"]
[Black "Agrest, Evgenij"]
[Result "1/2-1/2"]
[WhiteElo "2323"]
[BlackElo "2545"]
[EventDate "2000.12.27"]
[PlyCount "89"]

1.d4 Nf6 2.c4 e6 3.Nc3 Bb4 4.e3 c5 5.Ne2 cxd4 6.exd4 O-O 7.a3 Be7 8.Nf4 d6
9.Be2 a6 10.O-O Qc7 11.Be3 b6 12.Rc1 Bb7 13.h3 Nbd7 14.Bd3 Rac8 15.d5 e5 
16.Nfe2 Rfe8 17.f4 Bd8 18.Ng3 exf4 19.Bxf4 Ne5 20.Nf5 g6 21.Nh6+ Kg7 22.
Ne2 b5 23.b3 bxc4 24.Bxc4 Qb6+ 25.Kh2 Rc7 26.Rc3 Ne4 27.Re3 f5 28.Nd4 Bc8 
29.Ne6+ Bxe6 30.dxe6 Nxc4 31.bxc4 Rxc4 32.Nxf5+ gxf5 33.Qh5 Rxe6 34.Qxf5 
Rf6 35.Qd7+ Kg6 36.Qe8+ Kg7 37.Qd7+ Kg6 38.Qe8+ Kg7 39.Rxe4 Rxe4 40.Qxe4 
Qb5 41.Rf3 Qd7 42.Qd4 Kf7 43.Qd3 Qf5 44.Qxa6 Qe4 45.Qa7+ 1/2-1/2

[Event "30th Rilton Cup"]
[Site "Stockholm SWE"]
[Date "2000.12.28"]
[Round "2.10"]
[White "Brynell, Stellan"]
[Black "Lindberg, Bengt"]
[Result "1-0"]
[WhiteElo "2473"]
[BlackElo "2304"]
[EventDate "2000.12.27"]
[PlyCount "73"]

1.e4 c5 2.Nf3 Nc6 3.Bb5 e6 4.O-O Nge7 5.c3 d5 6.exd5 Qxd5 7.Re1 Bd7 8.Na3 
Ng6 9.Bf1 Be7 10.d4 cxd4 11.Nb5 Rc8 12.Nfxd4 Nxd4 13.Nxd4 a6 14.g3 Qd6 15.
Bg2 Qc7 16.h4 Bc5 17.h5 Ne7 18.h6 gxh6 19.Qh5 Rg8 20.Bf4 Qb6 21.Rad1 Qxb2 
22.Rd2 Qxc3 23.Nxe6 Bxe6 24.Rxe6 Rg6 25.Rxg6 hxg6 26.Qxh6 Rd8 27.Re2 Rd1+ 
28.Kh2 Bd6 29.Bg5 Qc4 30.Re4 Qc5 31.Qh8+ Kd7 32.Qf6 Rd5 33.Bh3+ Kd8 34.
Qh8+ Kc7 35.Be3 Rh5 36.Rxe7+ Bxe7 37.Qc8+ 1-0

[Event "30th Rilton Cup"]
[Site "Stockholm SWE"]
[Date "2000.12.28"]
[Round "2.12"]
[White "Salmensuu, Olli"]
[Black "Aengskog, Kent"]
[Result "0-1"]
[BlackElo "2264"]
[WhiteElo "2467"]
[EventDate "2000.12.27"]
[PlyCount "80"]

1.e4 g6 2.Nc3 Bg7 3.f4 c5 4.Nf3 Nc6 5.Bb5 Nd4 6.a4 e6 7.O-O Ne7 8.d3 O-O 
9.Bc4 d5 10.Ba2 b6 11.Kh1 Bb7 12.Bb1 Nxf3 13.Qxf3 Bxc3 14.bxc3 dxe4 15.
dxe4 Nf5 16.Qd3 Nd6 17.e5 Nf5 18.Ba2 Qh4 19.Kg1 Qg4 20.Rf2 Rfd8 21.h3 Qd1+
22.Qxd1 Rxd1+ 23.Kh2 Ne3 24.Bb2 Rad8 25.Rc1 R1d2 26.Kg1 Rxf2 27.Kxf2 Nd1+ 
28.Ke1 Nxb2 29.a5 Na4 30.axb6 axb6 31.g3 Nxc3 32.Bc4 b5 33.Bf1 c4 34.Ra1 
Be4 35.Rc1 h5 36.h4 Bf3 37.Ra1 Rd1+ 38.Rxd1 Nxd1 39.Kd2 Kf8 40.c3 Ke7 0-1

[Event "30th Rilton Cup"]
[Site "Stockholm SWE"]
[Date "2000.12.28"]
[Round "2.16"]
[White "Loegdahl, Harald"]
[Black "McShane, Luke"]
[Result "0-1"]
[WhiteElo "2252"]
[BlackElo "2452"]
[EventDate "2000.12.27"]
[PlyCount "78"]

1.e4 c5 2.Nc3 Nc6 3.g3 g6 4.Bg2 Bg7 5.d3 d6 6.f4 Nf6 7.h3 O-O 8.Nf3 Rb8 9.
a4 a6 10.Be3 b5 11.axb5 axb5 12.O-O Nd7 13.d4 b4 14.Na4 cxd4 15.Nxd4 Bb7 
16.b3 Qc7 17.Ra2 Nxd4 18.Bxd4 e5 19.Ba1 Nf6 20.fxe5 dxe5 21.Qe1 Bc6 22.c4 
Nd7 23.Nb2 Nc5 24.Qe3 Bd7 25.Nd1 Ra8 26.Rxa8 Rxa8 27.Bb2 Ra2 28.Rf2 Ne6 
29.Qf3 Bc6 30.Ne3 Qa7 31.Kh2 Ng5 32.Qe2 Rxb2 33.Qxb2 Qxe3 34.Qd2 Qxd2 35.
Rxd2 Bf8 36.h4 Ne6 37.Ra2 Bc5 38.Ra6 Nd4 39.Bh3 Bxe4 0-1

[Event "30th Rilton Cup"]
[Site "Stockholm SWE"]
[Date "2000.12.28"]
[Round "2.31"]
[White "Hermansson, Emil"]
[Black "Johansson, Viktoria"]
[Result "1-0"]
[WhiteElo "2379"]
[BlackElo "2152"]
[EventDate "2000.12.27"]
[PlyCount "55"]

1.e4 c6 2.d4 d5 3.Nd2 dxe4 4.Nxe4 Bf5 5.Ng3 Bg6 6.h4 h6 7.Nf3 Nd7 8.h5 Bh7
9.Bd3 Bxd3 10.Qxd3 Qc7 11.Bd2 e6 12.O-O-O Ngf6 13.Ne4 Nxe4 14.Qxe4 Nf6 15.
Qe2 O-O-O 16.g3 Bd6 17.Ne5 c5 18.Rh4 Nd5 19.Rg4 Rhg8 20.Kb1 Kb8 21.Nc4 Ka8
22.Qf3 cxd4 23.Nxd6 Rxd6 24.Rxd4 Rc8 25.c4 Qc5 26.Qd3 a6 27.cxd5 e5 28.Rc1
1-0

[Event "30th Rilton Cup"]
[Site "Stockholm SWE"]
[Date "2000.12.28"]
[Round "2.39"]
[White "Lundvik, Jonas"]
[Black "Winther, Mats"]
[Result "1-0"]
[WhiteElo "2210"]
[BlackElo "2056"]
[EventDate "2000.12.27"]
[PlyCount "105"]

1.Nf3 Nc6 2.c4 e5 3.Nc3 d6 4.g3 f5 5.d3 Nf6 6.Bg2 Be7 7.Rb1 a5 8.O-O O-O 
9.a3 Qe8 10.b4 axb4 11.axb4 Bd8 12.b5 Ne7 13.c5 Ng6 14.cxd6 cxd6 15.Bb2 
Bb6 16.Na4 Ba5 17.Ba3 Bc7 18.Nd2 Qf7 19.Nc4 Rd8 20.Ra1 d5 21.Ncb6 Ra5 22.
Nxc8 Rxc8 23.Qb3 e4 24.d4 Rca8 25.Nc3 Bd6 26.Bb2 Rxa1 27.Rxa1 Rxa1+ 28.
Bxa1 Ne7 29.Bb2 Qe6 30.Ba3 Bxa3 31.Qxa3 Kf7 32.e3 Qc8 33.Bf1 Qc7 34.Be2 h5
35.h4 Ng4 36.Kg2 Kf6 37.Qxe7+ Kxe7 38.Nxd5+ Kd6 39.Nxc7 Kxc7 40.f3 Nxe3+ 
41.Kf2 exf3 42.Kxf3 Nd5 43.Bd3 g6 44.Bc4 Nc3 45.Bf7 Nxb5 46.Ke3 Nc3 47.
Bxg6 Nd5+ 48.Kd3 f4 49.Be4 Kd6 50.Bxd5 Kxd5 51.gxf4 b5 52.f5 b4 53.Kc2 1-0

[Event "30th Rilton Cup"]
[Site "Stockholm SWE"]
[Date "2000.12.28"]
[Round "2.42"]
[White "Pettersson, Tobias"]
[Black "Livner, Anders"]
[Result "0-1"]
[WhiteElo "2061"]
[BlackElo "2196"]
[EventDate "2000.12.27"]
[PlyCount "74"]

1.d4 Nf6 2.c4 g6 3.Nc3 Bg7 4.e4 d6 5.Nf3 O-O 6.Be2 e5 7.O-O Nc6 8.d5 Ne7 
9.b4 a5 10.Ba3 axb4 11.Bxb4 Nh5 12.Re1 Nf4 13.Bf1 Bg4 14.a4 c5 15.dxc6 
Nxc6 16.Bxd6 Nd4 17.Bxf8 Nh3+ 18.gxh3 Bxf3 19.Qd2 Bxf8 20.Bg2 Qh4 21.Kf1 
Bc5 22.Ra2 Rd8 23.Nd5 Bh5 24.Qc3 Rd6 25.Qg3 Qd8 26.Qxe5 Re6 27.Nf6+ Rxf6 
28.Qxc5 Nf3 29.Qe3 Nxe1 30.Rd2 Qc8 31.Qd4 Nf3 32.Bxf3 Rxf3 33.Qb6 Qxc4+ 
34.Kg2 Rd3 35.Rb2 Qxe4+ 36.f3 Qxf3+ 37.Kg1 Rd1# 0-1

[Event "30th Rilton Cup"]
[Site "Stockholm SWE"]
[Date "2000.12.28"]
[Round "2.44"]
[White "Buervenich, Silvia"]
[Black "Engstroem, Staffan"]
[Result "1-0"]
[WhiteElo "2178"]
[BlackElo "2029"]
[EventDate "2000.12.27"]
[PlyCount "73"]

1.e4 e6 2.d4 d5 3.Nd2 c5 4.exd5 Qxd5 5.Ngf3 cxd4 6.Bc4 Qd6 7.O-O Nf6 8.Nb3
Nc6 9.Nbxd4 Nxd4 10.Nxd4 a6 11.Re1 Qc7 12.Bb3 Bd6 13.Nf5 Bxh2+ 14.Kh1 O-O 
15.Nxg7 Rd8 16.Qf3 Kxg7 17.Bh6+ Kg6 18.c3 Nh5 19.Re4 Kxh6 20.Rh4 Be5 21.
Re1 Kg7 22.Qxh5 f5 23.Rxe5 Kh8 24.Re3 Rf8 25.Reh3 Rf7 26.Rd4 Qe7 27.Rhd3 
Rf8 28.Qh6 b5 29.Rd6 e5 30.Be6 e4 31.Rd7 Bxd7 32.Rxd7 Qxd7 33.Bxd7 Rad8 
34.Qe6 Kg7 35.a4 Rf7 36.Qe5+ Kg6 37.Be8 1-0

[Event "30th Rilton Cup"]
[Site "Stockholm SWE"]
[Date "2000.12.28"]
[Round "2.45"]
[White "Horn, Emilia"]
[Black "Ask, Josef"]
[Result "1-0"]
[WhiteElo "2042"]
[BlackElo "2177"]
[EventDate "2000.12.27"]
[PlyCount "57"]

1.e4 c5 2.Nf3 e6 3.d3 Nc6 4.g3 g6 5.Bg2 Bg7 6.O-O Nge7 7.c3 d6 8.Nbd2 O-O 
9.Re1 b5 10.Nf1 e5 11.h3 h6 12.N3h2 Kh7 13.f4 Rb8 14.Ne3 b4 15.Bd2 Ba6 16.
Qc2 bxc3 17.bxc3 Qa5 18.f5 Rb7 19.Rf1 Ng8 20.Nd5 Rfb8 21.fxg6+ fxg6 22.Bc1
Nce7 23.Ng4 h5 24.Ngf6+ Nxf6 25.Nxf6+ Kh8 26.g4 hxg4 27.Qf2 g5 28.Bxg5 Ng6
29.Qf5 1-0

[Event "30th Rilton Cup"]
[Site "Stockholm SWE"]
[Date "2000.12.28"]
[Round "2.46"]
[White "Puuska, Heini"]
[Black "Johansson, Sune"]
[Result "1-0"]
[WhiteElo "2023"]
[BlackElo "2171"]
[EventDate "2000.12.27"]
[PlyCount "60"]

1.d4 f5 2.Nc3 d6 3.e4 fxe4 4.Nxe4 Nf6 5.Bd3 Nbd7 6.Ng5 Nb6 7.Bxh7 Nxh7 8.
Qh5+ Kd7 9.Nf7 Qe8 10.Qh3+ Kc6 11.Qf3+ Kd7 12.Nxh8 Nf6 13.g4 g5 14.Qf5+ 
Kd8 15.Qg6 Qc6 16.Nf7+ Kd7 17.f3 Qc4 18.Ne2 Nbd5 19.Nxg5 b6 20.b3 Qb4+ 21.
Bd2 Qa3 22.O-O Ba6 23.c4 c5 24.Ne4 Qb2 25.Rfb1 Qa3 26.g5 Ne8 27.Qf5+ e6 
28.Qxf8 cxd4 29.cxd5 Bxe2 30.Qf7+ Kd8 1-0

[Event "30th Rilton Cup"]
[Site "Stockholm SWE"]
[Date "2000.12.29"]
[Round "3.1"]
[White "Heine-Nielsen, Peter"]
[Black "Berg, Emanuel"]
[Result "1/2-1/2"]
[WhiteElo "2580"]
[BlackElo "2452"]
[EventDate "2000.12.27"]
[PlyCount "175"]

1.d4 f5 2.Nc3 d5 3.Bf4 e6 4.e3 Nf6 5.Nf3 Nc6 6.Nb5 Bd6 7.c4 a6 8.Nc3 dxc4 
9.Bxc4 Qe7 10.O-O Bd7 11.Qe2 O-O 12.Bxd6 Qxd6 13.Rad1 Kh8 14.e4 fxe4 15.
Nxe4 Nxe4 16.Qxe4 Rf4 17.Qe3 Raf8 18.Rfe1 Nb4 19.Qe5 Bc6 20.Qxd6 cxd6 21.
Rxe6 Bxf3 22.gxf3 b5 23.Be2 d5 24.Rd6 R4f6 25.Rxf6 Rxf6 26.a4 bxa4 27.Ra1 
Kg8 28.Rxa4 Rb6 29.Kf1 Kf7 30.Ke1 a5 31.Rxa5 Nc2+ 32.Kd2 Nxd4 33.Ra7+ Kf8 
34.Bd3 Nxf3+ 35.Ke3 Ne5 36.Bxh7 Rxb2 37.Kf4 Nc6 38.Ra8+ Ke7 39.Kg3 Rb3+ 
40.Kg2 Ne5 41.Ra5 Ng4 42.Rxd5 Rb2 43.Rg5 Rxf2+ 44.Kg3 Rxh2 45.Be4 Re2 46.
Rxg7+ Kd6 47.Rxg4 Re1 48.Kf4 Rf1+ 49.Ke3 Ke5 50.Rg5+ Kd6 51.Kd4 Rd1+ 52.
Bd3 Re1 53.Rh5 Kc7 54.Kc5 Re7 55.Bc4 Kd7 56.Bd5 Re1 57.Rh7+ Re7 58.Rh8 Kc7
59.Ra8 Kd7 60.Ra6 Kc7 61.Be6 Kd8 62.Kd6 Rd7+ 63.Ke5 Rb7 64.Rc6 Rc7 65.Rb6 
Ke7 66.Rb8 Rc5+ 67.Bd5 Rc7 68.Rh8 Kd7 69.Rh6 Ke7 70.Bc6 Kd8 71.Rd6+ Ke7 
72.Re6+ Kf7 73.Kf5 Kf8 74.Bd5 Rf7+ 75.Kg6 Rg7+ 76.Kh6 Rg3 77.Re5 Rg6+ 78.
Kh5 Rh6+ 79.Kg5 Rg6+ 80.Kf4 Rf6+ 81.Ke4 Rf1 82.Rg5 Ke7 83.Ke5 Re1+ 84.Be4 
Rf1 85.Rh5 Rf7 86.Bg6 Rg7 87.Kf5 Kd6 88.Kf6 1/2-1/2

[Event "30th Rilton Cup"]
[Site "Stockholm SWE"]
[Date "2000.12.29"]
[Round "3.2"]
[White "Kallio, Heikki"]
[Black "Ivanov, Sergei"]
[Result "1/2-1/2"]
[WhiteElo "2434"]
[BlackElo "2570"]
[EventDate "2000.12.27"]
[PlyCount "75"]

1.d4 Nf6 2.c4 e6 3.Nc3 Bb4 4.Qc2 O-O 5.a3 Bxc3+ 6.Qxc3 d6 7.Bg5 h6 8.Bh4 
g5 9.Bg3 Ne4 10.Qc2 f5 11.f3 Nxg3 12.hxg3 Qf6 13.O-O-O Nc6 14.e3 e5 15.Ne2
Bd7 16.f4 exd4 17.exd4 Rae8 18.Kb1 Kg7 19.Qd2 Qe7 20.d5 Nd8 21.Nd4 c5 22.
dxc6 bxc6 23.Bd3 c5 24.Nc2 Nc6 25.g4 gxf4 26.Qxf4 Qf6 27.Bxf5 Rb8 28.b4 
Bxf5 29.gxf5 cxb4 30.Rxd6 bxa3+ 31.Kc1 Rb1+ 32.Kd2 Rd8 33.Qxh6+ Qxh6+ 34.
Rxh6 Rxd6+ 35.Rxd6 Na5 36.Rg6+ Kf7 37.Nxa3 Rb3 38.Nc2 1/2-1/2